[Event "IECC Swiss-566.2"]
[Site "IECC email"]
[Date "2013.08.09"]
[Round "?"]
[White "Hassan, William"]
[Black "Zelina, Michael William"]
[Result "1-0"]
[WhiteElo "1768"]
[BlackElo "1265"]
[PlyCount "45"]
[EventDate "2013.??.??"]
[EventType "swiss (corr)"]
[EventRounds "1"]
[SourceTitle "Telechess CBM 165"]
[Source "ChessBase"]
[SourceDate "2015.03.11"]
[SourceVersion "1"]
[SourceVersionDate "2015.03.11"]
[SourceQuality "1"]
[BlackTeam "US of America"]
[BlackTeamCountry "USA"]

1. e4 c6 2. d4 d5 3. Nc3 dxe4 4. Nxe4 Bf5 5. Ng3 Bg6 6. h4 h6 7. h5 Bh7 8. Nf3 Nf6 9. Bd3 Bxd3 10. Qxd3 Nbd7 11. Bf4 e6 12. 0-0-0 Qa5 13. Kb1 Be7 14. Ne5 Rd8 15. Nc4 Qd5 16. Ne3 Qa5 17. c4 0-0 18. Qb3 b5 19. c5 Nd5 20. Nxd5 exd5 21. Nf5 Bf6 22. Qg3 Rfe8 23. Nxh6+ 1-0